000 00724nam a2200265Ia 4500
005 20260121170313.0
008 008 260114s9999 xx 000 0 eng d
020 _a9789462652132
037 _aEBOOK
040 _aCRL
040 _beng
040 _cCRL
041 _2eng
041 _aeng
084 _qCRL
100 _aTerry D. Gill, Tim McCormack, Robin Geiß, Heike Krieger, Christophe Paulussen
_91062250
245 0 _aYearbook of International Humanitarian Law Volume 19, 2016
260 _bSpringer
260 _bSpringer
260 _c2018
856 _uhttps://link.springer.com/openurl?genre=book&isbn=978-94-6265-213-2
942 _cEBOOK
999 _c1627979
_d1627979